Statistics for Guess the Taylor Swift song (no hints)

Click here to take the quiz!

General Stats

  • This quiz has been taken 30 times
  • The average score is 306 of 350

Answer Stats

Answer% Correct
and
100%
I
100%
you
100%
You
100%
your
100%
all
96%
All
96%
in
96%
in?
96%
is
96%
it
96%
like
93%
The
93%
the
93%
Then
93%
to
93%
when
93%
are
89%
But
89%
but
89%
do
89%
Had
89%
had
89%
have
89%
it's
89%
I've
89%
just
89%
let
89%
Let
89%
love
89%
me
89%
of
89%
Stay
89%
(stay)
89%
stay
89%
they
89%
too
89%
was
89%
back
85%
be
85%
been
85%
go
85%
hand
85%
lock
85%
out
85%
palm
85%
that
85%
why'd
85%
know
81%
Now
81%
now
81%
off
81%
this
81%
This
81%
up
81%
want
81%
what
81%
you've
81%
about
78%
always
78%
don't
78%
say
78%
us
78%
Well
78%
were
78%
away
74%
could
74%
gave
74%
gone
74%
late
74%
not
74%
Not
74%
Oh
74%
(oh, oh, oh-oh-oh)
74%
think
74%
drove
70%
easy
70%
Here
70%
Hey
70%
less
70%
more
70%
People
70%
people
70%
road
70%
wanna
70%
wanted
70%
believe
67%
calling
67%
forever
67%
made
67%
aside
63%
changed
63%
could've
63%
mess
63%
picking
63%
pieces
63%
pushed
63%
remind
63%
goodbye
59%
ended
48%

Score Distribution

Percentile by Number Answered

Percent of People with Each Score

Your Score History

You have not taken this quiz